000 00855nam a2200217Ii 4500
003 JO-AjNU
008 230605s9999||||xx |||||||||||||| ||und||
017 _a1977/4528
020 _a977-7063-07-5
040 _aJO-AjNU
_bara
_erda
_cJO-AjNU
041 _aara
050 1 4 _aBP130.4.i2764 1977
100 3 _aابن عمد؛ تحقيق ودراسة فؤاد عبد المنعم احمد؛ تقديم محمد سليمان داود,
_eauthor
_910724
245 0 0 _aمن التفسير القرآني: كشف السرائر في معنى االوجوه والأشباه والنظائر
264 3 1 _aالاسكندرية: مؤسسة شباب الجامعية، 1977
300 _a319ص
336 _atext
_btxt
_2rdacontent
337 _aunmediated
_bn
_2rdamedia
338 _avolume
_bnc
_2rdacarrier
650 4 _aالتفاسير - القران
_910725
999 _aA1953
_c5521
_d5521